[Event "Aimchess Meltwater Champions"]
[Site "chess24.com INT"]
[Date "2022.10.14"]
[EventDate "2022.10.14"]
[Round "4.1"]
[Result "0-1"]
[White "Anish Giri"]
[Black "D Gukesh"]
[WhiteElo "2764"]
[BlackElo "2732"]
[PlyCount "58"]

1. c4 e6 2. Nc3 d5 3. d4 Nf6 4. cxd5 exd5 5. Bg5 Bb4 6. e3 h6 7. Bh4 g5 8. Bg3
Ne4 9. Qc2 h5 10. f3 Nxg3 11. hxg3 Be6 12. O-O-O Nd7 13. a3 Bd6 14. e4 Nb6 15.
e5 Be7 16. f4 Qd7 17. Bd3 Bg4 18. Nf3 gxf4 19. gxf4 O-O-O 20. f5 Kb8 21. Kb1 c5
22. f6 Bf8 23. dxc5 Bxc5 24. Qb3 h4 25. Be4 h3 26. Nxd5 hxg2 27. Rxh8 Rxh8 28.
Nxb6 Qxd1+ 29. Qxd1 Rh1 0-1

[Event "Aimchess Meltwater Champions"]
[Site "chess24.com INT"]
[Date "2022.10.15"]
[EventDate "2022.10.14"]
[Round "5.8"]
[Result "1-0"]
[White "D Gukesh"]
[Black "Pentala Harikrishna"]
[WhiteElo "2732"]
[BlackElo "2717"]
[PlyCount "56"]

1. d4 d5 2. c4 c6 3. Nf3 Nf6 4. Nc3 dxc4 5. a4 Bf5 6. Ne5 Nbd7 7. Nxc4 Qc7 8. g3
e5 9. dxe5 Nxe5 10. Bf4 Nfd7 11. Bg2 g5 12. Ne3 gxf4 13. Nxf5 O-O-O 14. Qc2 fxg3
15. hxg3 Kb8 16. Kf1 Nf6 17. a5 a6 18. Ra4 h5 19. Bf3 Bh6 20. Nxh6 Nxf3 21. Nf5
Ne5 22. Kg2 Rhg8 23. Ne4 Nxe4 24. Qxe4 Rg4 25. f4 Nd7 26. Rd4 Rdg8 27. Qe7 Nc5
28. Qxc5 1-0

[Event "Aimchess Meltwater Champions"]
[Site "chess24.com INT"]
[Date "2022.10.15"]
[EventDate "2022.10.14"]
[Round "6.2"]
[Result "1-0"]
[White "Nodirbek Abdusattorov"]
[Black "D Gukesh"]
[WhiteElo "2713"]
[BlackElo "2732"]
[PlyCount "80"]

1. d4 Nf6 2. c4 e6 3. Nf3 d5 4. Nc3 Bb4 5. cxd5 exd5 6. Bf4 Ne4 7. Rc1 Nc6 8.
Nd2 g5 9. Ndxe4 gxf4 10. a3 dxe4 11. axb4 e3 12. fxe3 Qh4+ 13. g3 fxg3 14. Kd2
Bf5 15. Nb5 Rd8 16. Bg2 Qg5 17. Nxc7+ Kf8 18. d5 Qe7 19. Nb5 Qxb4+ 20. Nc3 Qxb2+
21. Ke1 Nb4 22. e4 Nd3+ 23. Qxd3 Qxc1+ 24. Nd1 Bg6 25. Qd4 Kg8 26. hxg3 Qg5 27.
Kf2 Re8 28. Ne3 Qe5 29. Qxa7 Kg7 30. Rh4 b5 31. Qc5 Rb8 32. Ng4 Qb2 33. e5 h5
34. Qe7 Rb6 35. d6 Qd4+ 36. Ne3 Qc5 37. Qf6+ Kg8 38. Bd5 Rh6 39. Rxh5 Bxh5 40.
Qxh6 1-0

[Event "Aimchess Meltwater Champions"]
[Site "chess24.com INT"]
[Date "2022.10.15"]
[EventDate "2022.10.14"]
[Round "7.7"]
[Result "1-0"]
[White "D Gukesh"]
[Black "Nils Grandelius"]
[WhiteElo "2732"]
[BlackElo "2651"]
[PlyCount "70"]

1. Nf3 d5 2. e3 c5 3. b3 Nf6 4. Bb2 g6 5. c4 dxc4 6. Bxc4 Bg7 7. O-O O-O 8. d4
cxd4 9. Nxd4 a6 10. Nd2 b5 11. Be2 Bb7 12. Bf3 Nd5 13. a4 e5 14. e4 Nf4 15. Nc2
Qg5 16. g3 Nd3 17. Bc3 Nc6 18. Be2 b4 19. Nf3 Qd8 20. Bd2 Nc5 21. Nxb4 Nxe4 22.
Nxc6 Bxc6 23. Rc1 Nxd2 24. Nxd2 Bd5 25. Bc4 Rb8 26. Qe2 Bxc4 27. Rxc4 Qd5 28.
Rfc1 Rfd8 29. R1c2 f5 30. Rc7 Qd3 31. Rxg7+ Kxg7 32. Qxe5+ Kg8 33. Rc7 Qd4 34.
Qe6+ Kh8 35. Qf7 1-0

[Event "Aimchess Meltwater Champions"]
[Site "chess24.com INT"]
[Date "2022.10.15"]
[EventDate "2022.10.14"]
[Round "8.3"]
[Result "1-0"]
[White "Daniel Naroditsky"]
[Black "D Gukesh"]
[WhiteElo "2617"]
[BlackElo "2732"]
[PlyCount "62"]

1. e4 g6 2. d4 Bg7 3. Nc3 d6 4. h4 Nf6 5. Be2 h5 6. Nf3 a6 7. Ng5 Nc6 8. a4 O-O
9. Be3 Ng4 10. Bxg4 Bxg4 11. f3 Bd7 12. Ne2 e5 13. d5 Ne7 14. Qd2 Bh6 15. g4
hxg4 16. h5 f6 17. Ne6 Bxe3 18. Qxe3 Bxe6 19. hxg6 Nxg6 20. Qh6 Rf7 21. dxe6 Rg7
22. Ng3 Qf8 23. Nf5 Re8 24. Qh5 Rxe6 25. Nh6+ Kh7 26. Nxg4+ Kg8 27. Nh6+ Kh7 28.
Nf5+ Kg8 29. Rg1 Kf7 30. O-O-O Re7 31. Nxe7 1-0

[Event "Aimchess Meltwater Champions"]
[Site "chess24.com INT"]
[Date "2022.10.16"]
[EventDate "2022.10.14"]
[Round "9"]
[Result "1-0"]
[White "D Gukesh"]
[Black "M Carlsen"]
[WhiteElo "2732"]
[BlackElo "2856"]
[PlyCount "58"]

1. e4 e6 2. d4 d5 3. Nc3 Nf6 4. e5 Nfd7 5. f4 c5 6. Nf3 Nc6 7. Be3 a6 8.
Qd2 b5 9. dxc5 Bxc5 10. Bxc5 Nxc5 11. Bd3 Qb6 12. Qf2 b4 13. Ne2 a5 14. O-O
Ba6 15. f5 exf5 16. Nf4 Ne7 17. e6 f6 18. Rac1 O-O 19. c3 Qd6 20. Bxa6 Rxa6
21. cxb4 Ne4 22. Qe3 axb4 23. Nd4 Rxa2 24. Nb5 Qe5 25. Rc7 Re8 26. Qb6 Ng5
27. Rxe7 Rea8 28. Qc7 Qe3+ 29. Kh1 1-0

[Event "Aimchess Meltwater Champions"]
[Site "chess24.com INT"]
[Date "2022.10.16"]
[EventDate "2022.10.14"]
[Round "10"]
[Result "1-0"]
[White "J Duda"]
[Black "D Gukesh"]
[WhiteElo "2731"]
[BlackElo "2732"]
[PlyCount "84"]

1. d4 Nf6 2. c4 e6 3. Nf3 d5 4. g3 Bb4+ 5. Bd2 Be7 6. Bg2 O-O 7. O-O c6 8.
Qc2 Nbd7 9. Rd1 a5 10. Bf4 a4 11. a3 h6 12. Nc3 Qa5 13. e4 dxc4 14. Qe2 Nb6
15. Rac1 Bd7 16. Ne5 Rfd8 17. h4 Be8 18. Nxc4 Nxc4 19. Qxc4 Nd7 20. d5 e5
21. Be3 Nc5 22. d6 Bxd6 23. Rxd6 Rxd6 24. Qxc5 Qxc5 25. Bxc5 Rd2 26. Rb1
Bd7 27. Be3 Rd6 28. Kf1 Be6 29. Ke1 Bb3 30. Bb6 f6 31. h5 Rc8 32. Bh3 Ra8
33. Bf1 Rc8 34. Bc5 Rdd8 35. Rc1 b5 36. Be2 Kf7 37. Nd1 Be6 38. Ne3 g6 39.
f4 exf4 40. gxf4 f5 41. hxg6+ Kxg6 42. e5 1-0

[Event "Aimchess Meltwater Champions"]
[Site "chess24.com INT"]
[Date "2022.10.16"]
[EventDate "2022.10.14"]
[Round "11"]
[Result "1-0"]
[White "D Gukesh"]
[Black "S Mamedyarov"]
[WhiteElo "2732"]
[BlackElo "2747"]
[PlyCount "104"]

1. c4 e5 2. g3 Nf6 3. Bg2 c6 4. Nf3 e4 5. Nd4 d5 6. cxd5 Qxd5 7. e3 Bc5 8.
d3 Qe5 9. Nd2 exd3 10. Nc4 Qe7 11. Qxd3 O-O 12. O-O Rd8 13. b3 Bxd4 14.
exd4 Be6 15. Ba3 Qc7 16. Rfe1 Nbd7 17. Rxe6 fxe6 18. Bd6 Qc8 19. Be7 Nf8
20. Bxd8 Qxd8 21. Re1 Qd7 22. Ne5 Qd6 23. Qc4 Rd8 24. Nf3 a5 25. Qc2 Qb4
26. h4 h6 27. Bh3 Rd6 28. Kg2 Nd5 29. Re5 b5 30. Qc5 Kh7 31. a3 Qxc5 32.
dxc5 Rd8 33. Bxe6 Nxe6 34. Rxe6 b4 35. a4 Nf6 36. Rxc6 Rd3 37. Ra6 Rxb3 38.
Rxa5 Ne4 39. Ne5 Rc3 40. c6 b3 41. Rb5 Rc2 42. Kf3 Nc5 43. a5 b2 44. c7 Na4
45. Nd3 Rxc7 46. Nxb2 Nc3 47. Re5 Rf7+ 48. Ke3 Rb7 49. Nd3 Rb1 50. h5 Ra1
51. Kd4 Ne2+ 52. Rxe2 1-0

[Event "Aimchess Meltwater Champions"]
[Site "chess24.com INT"]
[Date "2022.10.17"]
[EventDate "2022.10.14"]
[Round "14.6"]
[Result "0-1"]
[White "Mittal Aditya"]
[Black "D Gukesh"]
[WhiteElo "2486"]
[BlackElo "2732"]
[PlyCount "106"]

1. d4 Nf6 2. c4 e6 3. Nf3 d5 4. Nc3 Be7 5. Bf4 O-O 6. e3 Nbd7 7. c5 c6 8. Bd3 b6
9. b4 a5 10. a3 Ba6 11. Bxa6 Rxa6 12. b5 cxb5 13. c6 Qc8 14. c7 b4 15. Nb5 a4
16. Rc1 Ne4 17. Ng5 Bxg5 18. Bxg5 b3 19. f3 Ra5 20. Qe2 Nec5 21. dxc5 bxc5 22.
Be7 c4 23. Bxf8 Rxb5 24. Bd6 Rb6 25. Bg3 e5 26. O-O Qxc7 27. Qb2 f6 28. Rfd1 Qc6
29. Bf2 Rb8 30. Rd2 Rb5 31. Qc3 h6 32. h4 Kh8 33. h5 Qc5 34. Qb2 Nf8 35. Kh2 Ne6
36. g4 Kg8 37. Kg2 Qc6 38. Qc3 Qb7 39. Kh2 Qc6 40. Kg1 Kf7 41. Rcd1 Ke7 42. Rc1
Kd6 43. Kh2 Ke7 44. Kg1 Kf7 45. Rcd1 Rc5 46. Rc1 Kg8 47. Rcd1 Kh7 48. Rc1 Nc7
49. Qb4 c3 50. Rdd1 Na6 51. Rxc3 Nxb4 52. Rxc5 Qxc5 53. axb4 Qc2 0-1

[Event "Aimchess Meltwater Champions"]
[Site "chess24.com INT"]
[Date "2022.10.17"]
[EventDate "2022.10.14"]
[Round "15.3"]
[Result "1-0"]
[White "D Gukesh"]
[Black "Richard Rapport"]
[WhiteElo "2732"]
[BlackElo "2754"]
[PlyCount "66"]

1. d4 Nf6 2. c4 g6 3. Nc3 Bg7 4. e4 d6 5. h3 O-O 6. Be3 Na6 7. Nf3 c6 8. Be2 e5
9. d5 Nh5 10. g3 cxd5 11. cxd5 f5 12. exf5 gxf5 13. Bg5 Nf6 14. g4 Qb6 15. Qd2
Nc5 16. Be3 fxg4 17. Ng5 Qa5 18. hxg4 Nb3 19. axb3 Qxa1+ 20. Nd1 Nxg4 21. Nxh7
Nxe3 22. fxe3 Bf5 23. Nxf8 Rxf8 24. Qb4 Qb1 25. Qxd6 Qe4 26. Rg1 Qh4+ 27. Kd2
Qf6 28. Qxf6 Rxf6 29. Nc3 a6 30. Bd3 Bd7 31. Ne4 Rb6 32. Nc5 Bc8 33. Ne6 1-0

[Event "Tata Steel India"]
[Site "Kolkata IND"]
[Date "2022.12.03"]
[EventDate "2022.12.03"]
[Round "4.4"]
[Result "0-1"]
[White "Sarin Nihal"]
[Black "D Gukesh"]
[WhiteElo "2670"]
[BlackElo "2725"]
[PlyCount "58"]

1. Nf3 c5 2. e3 d5 3. b3 Nc6 4. Bb2 a6 5. d4 Nf6 6. Nbd2 cxd4 7. Nxd4 e6 8. Be2
Bd6 9. O-O O-O 10. c4 Nxd4 11. Bxd4 e5 12. Bb2 Be6 13. cxd5 Bxd5 14. Nc4 Re8 15.
Nxd6 Qxd6 16. Qd2 Qe6 17. Rfd1 h6 18. Rac1 Rac8 19. h3 Qf5 20. Bg4 Qg6 21. Rxc8
Rxc8 22. Bxe5 Rc2 23. Qd4 Nxg4 24. hxg4 Be6 25. f3 Rxa2 26. Rc1 Kh7 27. Qf4 Qd3
28. Bd4 Qd2 29. Qe4+ g6 0-1

[Event "Tata Steel India"]
[Site "Kolkata IND"]
[Date "2022.12.03"]
[EventDate "2022.12.03"]
[Round "5.5"]
[Result "1-0"]
[White "D Gukesh"]
[Black "Nodirbek Abdusattorov"]
[WhiteElo "2725"]
[BlackElo "2713"]
[PlyCount "58"]

1. Nf3 d5 2. g3 Nf6 3. Bg2 c5 4. O-O Nc6 5. d4 cxd4 6. Nxd4 e5 7. Nxc6 bxc6 8.
c4 Rb8 9. Bg5 Be7 10. Nc3 O-O 11. Bxf6 Bxf6 12. cxd5 cxd5 13. Nxd5 Rxb2 14. Qa4
Rxe2 15. Rad1 Bg5 16. h4 Bh6 17. Qxa7 Kh8 18. a4 Qe8 19. Qc5 g6 20. a5 e4 21.
Nc7 Qa4 22. Ra1 Qb3 23. a6 e3 24. a7 exf2+ 25. Kh2 Re3 26. a8=Q Rxg3 27. Qe5+
Bg7 28. Qxg3 Qb4 29. Nd5 Qd4 1-0

[Event "Tata Steel India"]
[Site "Kolkata IND"]
[Date "2022.12.03"]
[EventDate "2022.12.03"]
[Round "6.4"]
[Result "1-0"]
[White "Santosh Gujrathi Vidit"]
[Black "D Gukesh"]
[WhiteElo "2730"]
[BlackElo "2725"]
[PlyCount "74"]

1. d4 Nf6 2. c4 e6 3. Nf3 d5 4. g3 dxc4 5. Bg2 c6 6. a4 Bb4+ 7. Bd2 a5 8. Qc2
Bxd2+ 9. Qxd2 Ne4 10. Qc1 Nd6 11. Nbd2 b5 12. Ne5 Bb7 13. b3 Qb6 14. e3 cxb3 15.
Nxb3 b4 16. O-O O-O 17. Nc5 Bc8 18. Qc2 Ra7 19. Rfc1 Rc7 20. h4 Nb7 21. Nb3 Nd7
22. Nxc6 Nb8 23. Qe4 Nxc6 24. Rxc6 Rxc6 25. Qxc6 Qd8 26. Rc1 Nd6 27. Qc7 Qd7 28.
Qxa5 Bb7 29. Nc5 Qc8 30. Bxb7 Nxb7 31. Qxb4 Nd6 32. a5 Ne4 33. Qa3 Nd2 34. Qd3
Nf3+ 35. Kg2 Qa8 36. e4 f5 37. Qxf3 1-0

[Event "Tata Steel India"]
[Site "Kolkata IND"]
[Date "2022.12.03"]
[EventDate "2022.12.03"]
[Round "8.2"]
[Result "1-0"]
[White "D Gukesh"]
[Black "R Praggnanandhaa"]
[WhiteElo "2725"]
[BlackElo "2684"]
[PlyCount "86"]

1. Nf3 Nf6 2. g3 g6 3. Bg2 Bg7 4. O-O O-O 5. c4 d6 6. d4 Nbd7 7. Nc3 e5 8. e4 b6
9. Re1 exd4 10. Nxd4 Bb7 11. b3 Re8 12. Bb2 Nc5 13. Qc2 c6 14. Rad1 Qc7 15. b4
Ne6 16. Nf3 Ng4 17. Ne2 Ne5 18. Nd2 a5 19. Rb1 axb4 20. f4 Ng4 21. Bxg7 Nxg7 22.
Nd4 c5 23. Nb5 Qd7 24. Nf1 Bc6 25. Rbd1 Bxb5 26. cxb5 Qe6 27. Rd2 Ra3 28. Red1
Rd8 29. h3 Ne3 30. Nxe3 Rxe3 31. Rd3 Rxd3 32. Rxd3 Ra8 33. e5 Rxa2 34. Qb1 Ne8
35. Bd5 Qf5 36. Bxa2 Qxh3 37. Qf1 Qd7 38. exd6 Nxd6 39. Qd1 Qh3 40. Qf3 Nf5 41.
Qd5 Nh6 42. Qe5 Qc8 43. Qf6 1-0

[Event "Tata Steel India"]
[Site "Kolkata IND"]
[Date "2022.12.03"]
[EventDate "2022.12.03"]
[Round "9.2"]
[Result "1-0"]
[White "Wesley So"]
[Black "D Gukesh"]
[WhiteElo "2760"]
[BlackElo "2725"]
[PlyCount "50"]

1. e4 c5 2. Nf3 Nc6 3. Bb5 g6 4. O-O Bg7 5. c3 Nf6 6. Re1 O-O 7. d4 d5 8. e5 Ne4
9. Be3 cxd4 10. cxd4 Qb6 11. Bxc6 Qxc6 12. Qb3 Bg4 13. Rc1 Qd7 14. Ne1 f5 15.
Nd3 g5 16. f3 f4 17. fxe4 fxe3 18. Nc5 Qe8 19. Nc3 e2 20. Nxd5 e6 21. Ne3 Rf4
22. Nxg4 Rxg4 23. h3 Rh4 24. Nxe6 Kh8 25. Qxb7 Qg8 1-0

[Event "Tata Steel India"]
[Site "Kolkata IND"]
[Date "2022.12.03"]
[EventDate "2022.12.03"]
[Round "1.2"]
[Result "0-1"]
[White "D Gukesh"]
[Black "Shakhriyar Mamedyarov"]
[WhiteElo "2725"]
[BlackElo "2740"]
[PlyCount "110"]

1. c4 e5 2. g3 Nf6 3. Bg2 Bc5 4. d3 O-O 5. Nf3 Re8 6. O-O c6 7. Nc3 d6 8. b3 a5
9. Bb2 Bf5 10. e3 Nbd7 11. h3 h6 12. Qd2 Bb4 13. a3 Bxc3 14. Qxc3 Nc5 15. e4 Bd7
16. Qc2 Ne6 17. Kh2 c5 18. a4 b6 19. Nh4 g6 20. Rae1 Nh5 21. Nf3 Rf8 22. Qd2 Kg7
23. Ng1 Kh7 24. Bc1 Qg5 25. Qd1 Qe7 26. f4 exf4 27. gxf4 Qh4 28. Qg4 Qxg4 29.
hxg4 Nf6 30. g5 hxg5 31. fxg5 Ng4+ 32. Kg3 Ne5 33. Nf3 Nxd3 34. Re3 Nxc1 35.
Rxc1 Rad8 36. Rd1 Bc6 37. Red3 Bxe4 38. Rxd6 Kg7 39. Kg4 Bf5+ 40. Kg3 Bc2 41.
Rxd8 Rxd8 42. Rxd8 Nxd8 43. Nd2 Ne6 44. Kg4 Nd4 45. Bd5 Nxb3 46. Nf3 Bd1 47. Kf4
Bxf3 48. Kxf3 Nd4+ 49. Kf4 Kf8 50. Ke5 Ke7 51. Kf4 Ne6+ 52. Kg4 Kd6 53. Kh4 Ke5
54. Kg4 f6 55. gxf6 Kxf6 0-1

[Event "Tata Steel India"]
[Site "Kolkata IND"]
[Date "2022.12.03"]
[EventDate "2022.12.03"]
[Round "2.3"]
[Result "1-0"]
[White "Parham Maghsoodloo"]
[Black "D Gukesh"]
[WhiteElo "2719"]
[BlackElo "2725"]
[PlyCount "78"]

1. e4 c6 2. d4 d5 3. f3 e6 4. Nc3 Nf6 5. e5 Nfd7 6. f4 c5 7. Nf3 Nc6 8. Be3 Be7
9. Qd2 a6 10. a3 b5 11. dxc5 Nxc5 12. Qf2 Nd7 13. Bd3 Bb7 14. O-O O-O 15. Ne2 f6
16. exf6 Nxf6 17. Bc5 Bxc5 18. Qxc5 Rc8 19. Qe3 Qd6 20. Ned4 Nxd4 21. Qxd4 g6
22. Rae1 Rce8 23. g3 Nd7 24. Ne5 Qc5 25. c3 Qxd4+ 26. cxd4 Nxe5 27. fxe5 Rc8 28.
h4 Bc6 29. Rc1 Bd7 30. Rxf8+ Kxf8 31. Rxc8+ Bxc8 32. Kf2 Kg7 33. Ke3 Bd7 34. a4
bxa4 35. Bxa6 h5 36. Bd3 Kh6 37. Kd2 g5 38. Kc3 gxh4 39. gxh4 1-0

[Event "Tata Steel India"]
[Site "Kolkata IND"]
[Date "2022.12.04"]
[EventDate "2022.11.29"]
[Round "10"]
[Result "1-0"]
[White "S Mamedyarov"]
[Black "D Gukesh"]
[WhiteElo "2740"]
[BlackElo "2725"]
[PlyCount "78"]

1. d4 Nf6 2. c4 e6 3. Nf3 d5 4. Nc3 Be7 5. Bf4 O-O 6. a3 Nbd7 7. Nb5 Ne8 8.
e3 c6 9. Nc3 Bd6 10. Bg3 Qe7 11. Qc2 h6 12. O-O-O b5 13. cxb5 c5 14. e4
dxe4 15. Nxe4 Bxg3 16. hxg3 cxd4 17. Nxd4 Bb7 18. Nc6 Bxc6 19. bxc6 Nb6 20.
Kb1 Nd5 21. Qc5 Qc7 22. Bc4 Nef6 23. Nxf6+ Nxf6 24. Be2 Rab8 25. Bf3 Rb3
26. Rd2 Rfb8 27. Rhd1 Kh7 28. Ka2 R8b5 29. Qc2+ g6 30. Qxb3 Rxb3 31. Kxb3
e5 32. Rd7 Qb6+ 33. Ka2 Nxd7 34. cxd7 Qd8 35. Bc6 f5 36. Ba4 e4 37. Rc1
Qg8+ 38. Ka1 Qd5 39. Rc8 1-0

[Event "Tata Steel India"]
[Site "Kolkata IND"]
[Date "2022.12.04"]
[EventDate "2022.11.29"]
[Round "11"]
[Result "1-0"]
[White "D Gukesh"]
[Black "Parham Maghsoodloo"]
[WhiteElo "2725"]
[BlackElo "2719"]
[PlyCount "80"]

1. Nf3 c5 2. g3 Nc6 3. Bg2 g6 4. O-O Bg7 5. c4 a6 6. Nc3 Rb8 7. e3 b5 8.
cxb5 axb5 9. d4 b4 10. Ne4 c4 11. d5 Na5 12. Rb1 Nh6 13. Bd2 O-O 14. Qa4
Qb6 15. a3 Nb3 16. Bxb4 d6 17. Ned2 Nc5 18. Qc2 Nd3 19. Bc3 Ba6 20. Bxg7
Kxg7 21. Nxc4 Qb3 22. Qxb3 Rxb3 23. Na5 Rb6 24. b4 Rc8 25. Nc6 e5 26. Rfd1
Ng4 27. Rd2 Nf6 28. Ne1 e4 29. Nxd3 Bxd3 30. Rbd1 Bc4 31. Rd4 Bb3 32. Rb1
Bxd5 33. Ne7 Rc5 34. Rbd1 Bb3 35. bxc5 dxc5 36. Rd6 Rb7 37. Rb1 c4 38. Nd5
Nxd5 39. Rxd5 c3 40. Rc5 1-0

[Event "Tata Steel India"]
[Site "Kolkata IND"]
[Date "2022.12.04"]
[EventDate "2022.11.29"]
[Round "13"]
[Result "0-1"]
[White "D Gukesh"]
[Black "Sarin Nihal"]
[WhiteElo "2725"]
[BlackElo "2670"]
[PlyCount "68"]

1. Nf3 d5 2. g3 g6 3. c4 dxc4 4. Na3 Bg7 5. Nxc4 Nc6 6. Bg2 e5 7. d3 e4 8.
dxe4 Qxd1+ 9. Kxd1 Nf6 10. Ncd2 O-O 11. Ne1 Rd8 12. h3 a5 13. f4 Nh5 14.
Bf3 Nxg3 15. Rg1 Nh5 16. Bxh5 gxh5 17. f5 Kf8 18. Nd3 b6 19. Nf3 Ba6 20.
Bg5 Rd6 21. Bf4 Rd7 22. e5 f6 23. e6 Rd5 24. Rc1 Bb5 25. Bd2 Rxf5 26. Rxc6
Bxc6 27. Nd4 Ba4+ 28. b3 Rd5 29. Bc3 Be8 30. Nf4 Re5 31. e7+ Kf7 32. Nde6
Bh6 33. Bxe5 fxe5 34. Nd5 0-1

[Event "Tata Steel India"]
[Site "Kolkata IND"]
[Date "2022.12.04"]
[EventDate "2022.11.29"]
[Round "14"]
[Result "1/2-1/2"]
[White "Nodirbek Abdusattorov"]
[Black "D Gukesh"]
[WhiteElo "2713"]
[BlackElo "2725"]
[PlyCount "134"]

1. e4 c5 2. Nf3 Nc6 3. c3 d5 4. exd5 Qxd5 5. d4 Nf6 6. Be2 cxd4 7. cxd4 e6
8. O-O Be7 9. Nc3 Qd6 10. Bg5 O-O 11. Qd2 b6 12. Rac1 Bb7 13. Rfd1 Rfd8 14.
Bf4 Qd7 15. h3 Nd5 16. Bg3 Rac8 17. Bd3 Nf6 18. a3 Bd6 19. Bh4 Be7 20. Qe3
Qe8 21. Bg3 Na5 22. Nb5 Nd5 23. Qe2 a6 24. Nc7 Nxc7 25. Bxc7 Nb3 26. Bxh7+
Kh8 27. Rc3 Rd7 28. Ne5 Kxh7 29. Bxb6 Rxc3 30. bxc3 Rd5 31. c4 Rxe5 32.
Qxe5 Qc6 33. d5 Qxb6 34. dxe6 Qxe6 35. Qxe6 fxe6 36. Rd7 Bxa3 37. Rxb7 Nc5
38. Rb8 a5 39. Kf1 a4 40. Ra8 Bb2 41. Ke2 a3 42. Kd1 Nd3 43. Kc2 Nc5 44.
Ra5 Nb7 45. Ra7 Nc5 46. Ra5 Nb7 47. Ra7 Nd6 48. c5 Nb5 49. Ra8 Kg6 50. Kb3
Kf5 51. Kc4 Nd4 52. g3 Ke4 53. Ra6 e5 54. f4 exf4 55. gxf4 Kxf4 56. Kd5 Kg3
57. c6 Nxc6 58. Kxc6 Kxh3 59. Kd5 g5 60. Ke4 g4 61. Kf4 Bc1+ 62. Ke4 Kg2
63. Rc6 Bb2 64. Kf4 a2 65. Ra6 a1=Q 66. Rxa1 Bxa1 67. Kxg4 1/2-1/2

[Event "Tata Steel India"]
[Site "Kolkata IND"]
[Date "2022.12.04"]
[EventDate "2022.11.29"]
[Round "15"]
[Result "1-0"]
[White "D Gukesh"]
[Black "S Vidit"]
[WhiteElo "2725"]
[BlackElo "2730"]
[PlyCount "72"]

1. d4 Nf6 2. c4 g6 3. Nc3 d5 4. cxd5 Nxd5 5. e4 Nxc3 6. bxc3 Bg7 7. Bc4 c5
8. Ne2 O-O 9. Be3 Nc6 10. O-O e6 11. dxc5 Ne5 12. Qxd8 Rxd8 13. Rfd1 Bd7
14. Bb3 Bb5 15. Nd4 Ba6 16. f3 Rdc8 17. Nxe6 fxe6 18. Bxe6+ Kf8 19. Bxc8
Rxc8 20. Rab1 Nd3 21. Rxd3 Bxd3 22. Rxb7 Bxc3 23. Rb3 Bc4 24. Rxc3 Bxa2 25.
Ra3 Be6 26. Rxa7 h5 27. h4 Rb8 28. Kf2 Rb2+ 29. Kg3 Rc2 30. Kf4 Rxg2 31.
Ke5 Bh3 32. c6 Rc2 33. Bh6+ Kg8 34. Rg7+ Kh8 35. Rxg6 Kh7 36. Rf6 1-0

[Event "Tata Steel India"]
[Site "Kolkata IND"]
[Date "2022.12.04"]
[EventDate "2022.11.29"]
[Round "17"]
[Result "1-0"]
[White "R Praggnanandhaa"]
[Black "D Gukesh"]
[WhiteElo "2684"]
[BlackElo "2725"]
[PlyCount "138"]

1. Nf3 d5 2. g3 g6 3. c4 dxc4 4. Na3 Bg7 5. Nxc4 Nc6 6. d3 e5 7. Bd2 Nge7
8. Bg2 O-O 9. Rc1 a5 10. O-O Be6 11. b3 f6 12. a3 Nd5 13. Qc2 Qd7 14. Qb1
Qe7 15. Rfd1 Rfd8 16. h3 Ra6 17. e4 Nb6 18. Be3 Nd7 19. a4 Raa8 20. d4 exd4
21. Nxd4 Nxd4 22. Bxd4 c6 23. Bb2 Bf8 24. Qa1 Bxc4 25. Rxc4 Ne5 26. Rcd4
Bg7 27. f4 Nf7 28. Kh2 Rxd4 29. Bxd4 Rd8 30. Bb6 Rxd1 31. Qxd1 Qb4 32. Bc7
Bf8 33. e5 fxe5 34. fxe5 Qe7 35. Bxa5 Qxe5 36. Qe1 Qxe1 37. Bxe1 Ne5 38.
Be4 Bd6 39. Kg2 Kf7 40. Kf2 Ke6 41. Ke3 Nd7 42. Ke2 Nc5 43. Bc2 Kd5 44. g4
Ke6 45. Bc3 Be5 46. Bd2 Kd5 47. Kf3 Ne6 48. Bd1 Nd4+ 49. Ke3 c5 50. Kd3 Bc7
51. h4 Bd8 52. h5 gxh5 53. gxh5 Be7 54. Be3 b6 55. Bf4 Bf6 56. Bc7 Kc6 57.
Bf4 Kd5 58. h6 Be7 59. Be3 Bf8 60. Bg4 Nxb3 61. Bf5 c4+ 62. Kc3 Nc5 63.
Bxh7 Nxa4+ 64. Kc2 b5 65. Bg8+ Ke4 66. Bd2 Nb6 67. h7 Bg7 68. Bc3 Bxc3 69.
Kxc3 1-0

[Event "Tata Steel India"]
[Site "Kolkata IND"]
[Date "2022.12.04"]
[EventDate "2022.11.29"]
[Round "18"]
[Result "0-1"]
[White "D Gukesh"]
[Black "W So"]
[WhiteElo "2725"]
[BlackElo "2760"]
[PlyCount "60"]

1. e4 c5 2. Nf3 d6 3. d4 cxd4 4. Nxd4 Nf6 5. Nc3 a6 6. h3 e6 7. g4 Nfd7 8.
g5 b5 9. h4 Bb7 10. Bg2 Be7 11. Be3 Ne5 12. f4 Nc4 13. Bc1 Nc6 14. b3 Qa5
15. Rh3 Na3 16. Nxc6 Bxc6 17. Qd2 Rc8 18. Kd1 h6 19. Ne2 b4 20. c3 Qb6 21.
cxb4 Qf2 22. Ng3 Qg1+ 23. Bf1 hxg5 24. fxg5 Bxg5 25. Qb2 Bf6 26. Qxa3 Qd4+
27. Ke1 Qxa1 28. Bxa6 Bb7 29. Qa4+ Ke7 30. Bxb7 0-1

[Event "8th Vugar Gashimov Memorial"]
[Site "Baku AZE"]
[Date "2022.12.18"]
[EventDate "2022.12.18"]
[Round "1.4"]
[Result "0-1"]
[White "Richard Rapport"]
[Black "D Gukesh"]
[WhiteElo "2740"]
[BlackElo "2725"]
[PlyCount "94"]

1. e4 c6 2. Nf3 d5 3. Nc3 Bg4 4. h3 Bxf3 5. Qxf3 e6 6. d3 Nd7 7. a3 Ngf6 8. g3
h5 9. Be2 Bd6 10. O-O h4 11. g4 d4 12. Nb1 Qc7 13. c3 c5 14. Nd2 Ne5 15. Qh1 Ng6
16. cxd4 cxd4 17. Nc4 Bf4 18. e5 Nh7 19. Bf3 O-O 20. Bxb7 Rab8 21. Be4 Ng5 22.
b4 Bxc1 23. Rfxc1 Nf4 24. Kf1 f6 25. Na5 Qf7 26. Nc6 Rbc8 27. Ke1 fxe5 28. Nxe5
Qf6 29. Rxc8 Rxc8 30. Nd7 Qd8 31. Nc5 Rxc5 32. bxc5 Qa5+ 33. Kd1 Ngxh3 34. Qe1
Qxc5 35. Qd2 Qd6 36. Rb1 Qxa3 37. Qc2 Qc3 38. Qa2 Kf7 39. Rc1 Qb4 40. Rc4 Qb6
41. Rc6 Qb8 42. Rc4 Kf6 43. Rxd4 Qb6 44. Qa1 Nxf2+ 45. Ke1 e5 46. g5+ Kxg5 47.
Rd5 Qe3+ 0-1

[Event "8th Vugar Gashimov Memorial"]
[Site "Baku AZE"]
[Date "2022.12.18"]
[EventDate "2022.12.18"]
[Round "2.3"]
[Result "1-0"]
[White "Rauf Mamedov"]
[Black "D Gukesh"]
[WhiteElo "2646"]
[BlackElo "2725"]
[PlyCount "110"]

1. e4 c6 2. d4 d5 3. exd5 cxd5 4. c4 Nf6 5. Nc3 e6 6. Nf3 Bb4 7. cxd5 Nxd5 8.
Bd2 Nc6 9. Bd3 O-O 10. O-O Be7 11. Rc1 Nf6 12. Bg5 h6 13. Bh4 Nh5 14. Bxe7 Nxe7
15. Ne5 Nf6 16. Ne4 Ned5 17. Qf3 Qb6 18. Rfd1 Bd7 19. b3 Rfc8 20. Rc5 Be8 21.
Nxf6+ Nxf6 22. Nc4 Qa6 23. Na5 b5 24. b4 Qb6 25. a3 Rd8 26. h3 a6 27. Be2 Ra7
28. Qe3 Nd5 29. Qc1 Ne7 30. Bf3 Rad7 31. Qc3 Qb8 32. Bc6 Rd6 33. Be4 Nd5 34. Qg3
Qa7 35. Bf3 Qe7 36. Rdc1 Rb6 37. Bxd5 exd5 38. Qc7 Qxc7 39. Rxc7 Re6 40. Kf1 Kf8
41. Ra7 Rd7 42. Ra8 Rde7 43. Nb3 f6 44. Nc5 Re2 45. Nxa6 Kf7 46. g4 Ra2 47. Rc3
Ree2 48. Rf3 h5 49. Nc5 h4 50. g5 Ke7 51. gxf6+ gxf6 52. Ra7+ Kd8 53. Rxf6 Red2
54. Rf8 Re2 55. Ra8+ 1-0

[Event "8th Vugar Gashimov Memorial"]
[Site "Baku AZE"]
[Date "2022.12.18"]
[EventDate "2022.12.18"]
[Round "3.5"]
[Result "0-1"]
[White "D Gukesh"]
[Black "Vallejo Pons, Francisco"]
[WhiteElo "2725"]
[BlackElo "2716"]
[PlyCount "140"]

1. Nf3 e6 2. c4 d5 3. e3 dxc4 4. Bxc4 Nf6 5. O-O a6 6. d4 c5 7. Re1 b5 8. Bd3
cxd4 9. exd4 Bb7 10. a4 b4 11. Bg5 Be7 12. Nbd2 O-O 13. Rc1 Nbd7 14. Nb3 Bd5 15.
Ne5 h6 16. Bf4 Nxe5 17. dxe5 Nd7 18. Nd4 Nc5 19. Bb1 Rc8 20. Qd2 Bg5 21. Bxg5
Qxg5 22. f4 Qg4 23. Qf2 Ne4 24. Bxe4 Rxc1 25. Rxc1 Bxe4 26. h3 Qg6 27. Rc4 a5
28. Nb5 Bd5 29. Rc1 f6 30. exf6 Rxf6 31. Nc7 Be4 32. g4 e5 33. Ne6 Rxe6 34. f5
Bxf5 35. Qxf5 Qxf5 36. gxf5 Rd6 37. Rc5 Rd2 38. b3 Rd3 39. Rxa5 Rxh3 40. Rxe5
Rxb3 41. Rb5 Rb2 42. Rb7 b3 43. f6 gxf6 44. a5 Ra2 45. Rxb3 Rxa5 46. Rb7 Rg5+
47. Kh2 Rg7 48. Rb6 Kf7 49. Rb7+ Kg6 50. Rb8 h5 51. Kh3 Kh6 52. Rb6 Rg6 53. Rb5
Rg5 54. Rb8 Rg4 55. Ra8 f5 56. Rb8 Kg5 57. Rg8+ Kf4 58. Rh8 Rg5 59. Ra8 Rg3+ 60.
Kh4 Re3 61. Ra4+ Kf3 62. Kg5 Kg3 63. Kxf5 Rb3 64. Ra8 h4 65. Ke4 h3 66. Rg8+ Kf2
67. Rh8 Kg2 68. Kf4 Rb4+ 69. Ke3 h2 70. Rg8+ Kh3 0-1